[Event "AUT-chT 9899"]
[Site "Austria"]
[Date "1999.??.??"]
[Round "?"]
[White "Casagrande, Harald"]
[Black "Fahrner, Kurt"]
[Result "1-0"]
[WhiteElo "2370"]
[BlackElo "2325"]
[PlyCount "107"]
[EventDate "1998.??.??"]
[EventType "team"]
[EventRounds "11"]
[EventCountry "AUT"]
[SourceTitle "EXT 2000"]
[Source "ChessBase"]
[SourceDate "1999.11.16"]
[SourceVersion "1"]
[SourceVersionDate "1999.11.16"]
[SourceQuality "1"]

1. Nf3 d5 2. d4 c6 3. c4 Nf6 4. cxd5 cxd5 5. Nc3 Nc6 6. Bf4 Ne4 7. e3 Nxc3 8. bxc3 g6 9. Be2 Bg7 10. 0-0 0-0 11. Rb1 Na5 12. Ne5 Bf5 13. Bd3 Bxd3 14. Qxd3 Rc8 15. Rfc1 e6 16. e4 b6 17. exd5 exd5 18. Qf3 f6 19. Ng4 Qd7 20. h4 Nc4 21. Re1 Rfe8 22. Rbd1 Qf5 23. Qg3 Nb2 24. Rxe8+ Rxe8 25. Rf1 Qd3 26. Be3 f5 27. Nh2 Nd1 28. Nf3 Nxc3 29. Qd6 Qe4 30. Ng5 Qe7 31. Qc6 Ne2+ 32. Kh1 h6 33. Qxd5+ Kh8 34. Nf3 f4 35. Bd2 Rd8 36. Qc4 Nxd4 37. Bb4 Qf6 38. Qc7 Nxf3 39. Be7 Qe6 40. Qxd8+ Kh7 41. gxf3 Qh3+ 42. Kg1 Qxf3 43. Qd7 Qc3 44. Bf8 Qd4 45. Qxg7+ Qxg7 46. Bxg7 Kxg7 47. Rc1 Kf6 48. Rc7 Kf5 49. f3 Ke5 50. Rxa7 Kd4 51. Rg7 Ke3 52. Kg2 g5 53. hxg5 hxg5 54. Rxg5 1-0

[Event "AUT-chT 9899"]
[Site "Austria"]
[Date "1999.??.??"]
[Round "?"]
[White "Laube, Bernhard"]
[Black "Casagrande, Harald"]
[Result "0-1"]
[WhiteElo "2280"]
[BlackElo "2370"]
[PlyCount "53"]
[EventDate "1998.??.??"]
[EventType "team"]
[EventRounds "11"]
[EventCountry "AUT"]
[SourceTitle "EXT 2000"]
[Source "ChessBase"]
[SourceDate "1999.11.16"]
[SourceVersion "1"]
[SourceVersionDate "1999.11.16"]
[SourceQuality "1"]

1. Nf3 g6 2. d4 Bg7 3. g3 c5 4. d5 d6 5. Bg2 b5 6. 0-0 Nf6 7. a4 b4 8. c4 bxc3 9. Nxc3 Na6 10. Nd2 Nb4 11. Nc4 h5 12. h3 Rb8 13. e4 Ba6 14. Nb5 0-0 15. Be3 Qd7 16. e5 Nfxd5 17. exd6 Nxe3 18. fxe3 exd6 19. Nbxd6 Qe6 20. Rf4 Rbd8 21. Re4 Qf6 22. Rf4 Qe7 23. Re4 Qc7 24. Qd2 Bxc4 25. Rxc4 Qxd6 26. Qxd6 Rxd6 27. Rxc5 0-1

[Event "AUT-chT 9899"]
[Site "Austria"]
[Date "1999.??.??"]
[Round "?"]
[White "Loeffler, Stefan"]
[Black "Casagrande, Harald"]
[Result "1-0"]
[WhiteElo "2405"]
[BlackElo "2370"]
[PlyCount "79"]
[EventDate "1998.??.??"]
[EventType "team"]
[EventRounds "11"]
[EventCountry "AUT"]
[SourceTitle "EXT 2000"]
[Source "ChessBase"]
[SourceDate "1999.11.16"]
[SourceVersion "1"]
[SourceVersionDate "1999.11.16"]
[SourceQuality "1"]

1. d4 g6 2. e4 c6 3. c4 d5 4. cxd5 cxd5 5. Nc3 dxe4 6. Bc4 Nf6 7. Qb3 e6 8. Nge2 Nc6 9. d5 exd5 10. Nxd5 Nxd5 11. Bxd5 Qe7 12. Qc3 Ne5 13. Bxe4 Bg7 14. f4 f5 15. fxe5 fxe4 16. 0-0 Qxe5 17. Qa3 Qe7 18. Qxe7+ Kxe7 19. Bg5+ Kd6 20. Rad1+ Kc6 21. Rd2 b6 22. Rf7 Rg8 23. a4 Ba6 24. Bf4 Bd3 25. g3 a5 26. Nc1 g5 27. Nxd3 exd3 28. Rc7+ Kd5 29. Be3 Ke4 30. Bxb6 Be5 31. Rc4+ Kd5 32. b3 Ra6 33. Rxd3+ Ke6 34. Rc6+ Kf5 35. Rf3+ Ke4 36. Re3+ Kf5 37. Rxe5+ Kxe5 38. Bc7+ Ke4 39. Rxa6 Rc8 40. Rc6 1-0

[Event "EU-Cup 14th Group5"]
[Site "Senec"]
[Date "1998.09.20"]
[Round "3"]
[White "Casagrande, Harald"]
[Black "Sands, David A"]
[Result "1/2-1/2"]
[WhiteElo "2360"]
[BlackElo "2245"]
[PlyCount "127"]
[EventDate "1998.09.18"]
[EventType "team-k.o."]
[EventRounds "3"]
[EventCountry "SVK"]
[SourceTitle "EXT 2020"]
[Source "ChessBase"]
[SourceDate "2019.10.17"]
[SourceVersion "1"]
[SourceVersionDate "2019.10.17"]
[SourceQuality "1"]
[WhiteTeam "Fuerstenfeld Admiral Sparkasse"]
[BlackTeam "London Barbican"]
[WhiteTeamCountry "AUT"]
[BlackTeamCountry "ENG"]

1. c4 e5 2. Nc3 Nf6 3. g3 d5 4. cxd5 Nxd5 5. Bg2 Nb6 6. d3 Be7 7. Be3 0-0 8. a4 a5 9. Nf3 Nc6 10. 0-0 Re8 11. Nd2 Nd4 12. Nb5 c6 13. Na3 Nd5 14. Nac4 Bg4 15. Bxd4 exd4 16. Nf3 Nc7 17. Qd2 Ne6 18. Rfc1 Bb4 19. Qd1 f6 20. Qf1 Kh8 21. Bh3 Bxh3 22. Qxh3 Qc7 23. e4 dxe3 24. Nxe3 Rad8 25. Rc4 Ng5 26. Nxg5 fxg5 27. Rd1 Qf7 28. Qg4 h6 29. Qe2 Qg6 30. d4 Re6 31. Qf3 Rf8 32. Qg2 Qe4 33. d5 Qxg2+ 34. Kxg2 cxd5 35. Rxd5 Be1 36. Rc2 Bb4 37. Rd7 b6 38. Rcc7 Rg6 39. Ng4 Bc5 40. Ne5 Rxf2+ 41. Kh3 Re6 42. Nd3 Rfe2 43. Nxc5 bxc5 44. Rxg7 R6e4 45. Rh7+ Kg8 46. Rxh6 g4+ 47. Kh4 Rxh2+ 48. Kg5 Rxh6 49. Kxh6 Rxa4 50. Kg6 Kf8 51. Kf6 Kg8 52. Rc8+ Kh7 53. Rxc5 Rb4 54. Rc2 Rb3 55. Rg2 a4 56. Kg5 a3 57. bxa3 Rxa3 58. Kxg4 Kg6 59. Rf2 Rb3 60. Rf4 Ra3 61. Rb4 Ra6 62. Kh4 Kh6 63. g4 Kg6 64. Rb8 1/2-1/2

[Event "EU-Cup 14th Group5"]
[Site "Senec"]
[Date "1998.09.18"]
[Round "1"]
[White "Casagrande, Harald"]
[Black "Palac, Mladen"]
[Result "0-1"]
[WhiteElo "2360"]
[BlackElo "2560"]
[PlyCount "142"]
[EventDate "1998.09.18"]
[EventType "team-k.o."]
[EventRounds "3"]
[EventCountry "SVK"]
[SourceTitle "EXT 2020"]
[Source "ChessBase"]
[SourceDate "2019.10.17"]
[SourceVersion "1"]
[SourceVersionDate "2019.10.17"]
[SourceQuality "1"]
[WhiteTeam "Fuerstenfeld Admiral Sparkasse"]
[BlackTeam "Mravince Dalmacijacement"]
[WhiteTeamCountry "AUT"]
[BlackTeamCountry "CRO"]

1. d4 Nf6 2. Bg5 Ne4 3. h4 d5 4. Nd2 Nxd2 5. Qxd2 c5 6. e3 Nc6 7. h5 Qb6 8. c3 f6 9. Bh4 e5 10. dxe5 Nxe5 11. Nf3 Nxf3+ 12. gxf3 Be6 13. f4 Be7 14. Rg1 g6 15. Bd3 0-0-0 16. 0-0-0 Bf7 17. Kb1 Kb8 18. Qc2 Ka8 19. Rh1 gxh5 20. Rhg1 d4 21. c4 dxe3 22. fxe3 Qe6 23. f5 Qc6 24. Be4 Rxd1+ 25. Rxd1 Qc7 26. Rd3 Rg8 27. Qd1 Be8 28. Qh1 Rg4 29. Be1 Kb8 30. Rb3 b6 31. Rd3 Bf7 32. b3 Kc8 33. Bc6 Bd6 34. Bc3 Bh2 35. Rd1 h4 36. Kb2 h3 37. Rd7 Rg2+ 38. Bxg2 Qxd7 39. Bc6 Qd6 40. Bb7+ Kc7 41. Ba8 Kd8 42. Ka3 Ke7 43. Qf1 Be5 44. Bxe5 Qxe5 45. Qxh3 b5 46. cxb5 c4 47. e4 Qd6+ 48. Ka4 Qd4 49. bxc4 Qxc4+ 50. Ka5 Qxa2+ 51. Kb4 Qc4+ 52. Ka5 Qc7+ 53. Ka4 h5 54. Qa3+ Qd6 55. Qe3 Qd1+ 56. Kb4 Qb1+ 57. Ka4 Qa1+ 58. Kb4 Qb2+ 59. Ka4 Kd6 60. Qg3+ Qe5 61. Qd3+ Kc5 62. Qa3+ Kb6 63. Qe3+ Qc5 64. Qxc5+ Kxc5 65. e5 fxe5 66. Ka5 Bc4 67. Bc6 h4 68. Ka6 h3 69. Kxa7 Bxb5 70. f6 Kd6 71. Bxb5 e4 0-1

[Event "AUT-ch"]
[Site "Werfen"]
[Date "1998.08.09"]
[Round "2"]
[White "Casagrande, Harald"]
[Black "Neihs, Harald"]
[Result "1-0"]
[WhiteElo "2360"]
[BlackElo "2180"]
[PlyCount "84"]
[EventDate "1998.08.08"]
[EventType "swiss"]
[EventRounds "9"]
[EventCountry "AUT"]
[SourceTitle "EXT 2001"]
[Source "ChessBase"]
[SourceDate "2000.11.22"]
[SourceVersion "1"]
[SourceVersionDate "2000.11.22"]
[SourceQuality "1"]

1. d4 d5 2. c4 e6 3. Nc3 f5 4. g3 Nf6 5. Bg2 c6 6. Nf3 Bd6 7. 0-0 0-0 8. Qc2 Bd7 9. Bf4 Bxf4 10. gxf4 Ne4 11. Ne5 Be8 12. f3 Nd6 13. c5 Nf7 14. Nd3 Qf6 15. e3 Na6 16. b4 Nc7 17. a4 a6 18. Kh1 Kh8 19. Rg1 Nh6 20. Bf1 Ng8 21. Ne5 Ne7 22. Bd3 Ng6 23. Rg3 Rg8 24. Rag1 Nf8 25. Ne2 g6 26. Rg5 Nd7 27. Qd1 Nxe5 28. fxe5 Qe7 29. Nf4 Bf7 30. Qe1 Kg7 31. Qh4 Qd8 32. Nh5+ Kf8 33. Nf6 Rh8 34. Rxg6 Bxg6 35. Rxg6 h5 36. Qg5 Ne8 37. Nh7+ Kf7 38. Qh6 Rg8 39. Ng5+ Qxg5 40. Rxg5 Rxg5 41. Qxg5 Ng7 42. Qf6+ Kg8 1-0

[Event "AUT-ch"]
[Site "Werfen"]
[Date "1998.08.08"]
[Round "1"]
[White "Hebesberger, Thomas"]
[Black "Casagrande, Harald"]
[Result "1/2-1/2"]
[WhiteElo "2195"]
[BlackElo "2360"]
[PlyCount "103"]
[EventDate "1998.08.08"]
[EventType "swiss"]
[EventRounds "9"]
[EventCountry "AUT"]
[SourceTitle "EXT 2001"]
[Source "ChessBase"]
[SourceDate "2000.11.22"]
[SourceVersion "1"]
[SourceVersionDate "2000.11.22"]
[SourceQuality "1"]

1. d4 Nf6 2. Nf3 e6 3. e3 b6 4. Bd3 Bb7 5. Nbd2 c5 6. 0-0 Be7 7. c3 d6 8. Qe2 Nbd7 9. e4 cxd4 10. cxd4 Qc7 11. Re1 0-0 12. Nf1 e5 13. Bg5 Rac8 14. Rac1 Qb8 15. Ng3 Rxc1 16. Rxc1 Rc8 17. Rd1 Bf8 18. d5 h6 19. Bd2 Nc5 20. Nf5 a5 21. h3 Qa8 22. Rc1 Nxd3 23. Qxd3 Ba6 24. Qe3 Rxc1+ 25. Bxc1 Qc8 26. Bd2 Nd7 27. N3h4 Qc2 28. b4 axb4 29. Bxb4 Nc5 30. Bxc5 bxc5 31. Qa3 Qb1+ 32. Kh2 Qd3 33. Qa5 g6 34. Ng3 Qb5 35. Qd8 Qa4 36. Qf6 Qe8 37. Qf3 Be7 38. Qa3 Qb5 39. Nf3 Bd8 40. h4 h5 41. Qe3 Kg7 42. Qa3 Ba5 43. Ng5 Bd2 44. Nxh5+ gxh5 45. Qf3 Qe8 46. Qxh5 c4 47. Ne6+ Kf6 48. f4 Qg8 49. fxe5+ dxe5 50. Qf3+ Ke7 51. Qa3+ Kf6 52. Qf3+ 1/2-1/2

[Event "AUT-chT 9798"]
[Site "Austria"]
[Date "1998.03.08"]
[Round "11"]
[White "Duer, Werner"]
[Black "Casagrande, Harald"]
[Result "1/2-1/2"]
[WhiteElo "2320"]
[BlackElo "2370"]
[PlyCount "57"]
[EventDate "1997.10.12"]
[EventType "team-tourn"]
[EventRounds "11"]
[EventCountry "AUT"]
[SourceTitle "CBM 063 ext"]
[Source "ChessBase"]
[SourceDate "1998.04.29"]
[SourceVersion "1"]
[SourceVersionDate "1998.04.29"]
[SourceQuality "1"]
[WhiteTeam "Absam"]
[BlackTeam "Traun"]
[WhiteTeamCountry "AUT"]
[BlackTeamCountry "AUT"]

1. d4 g6 2. e4 c6 3. Nc3 d5 4. Nf3 Bg4 5. h3 Bxf3 6. Qxf3 dxe4 7. Nxe4 Qxd4 8. Bd2 Nf6 9. Bd3 Nbd7 10. Bc3 Qd5 11. Nxf6+ exf6 12. Qxd5 cxd5 13. Bb5 0-0-0 14. Bxd7+ Rxd7 15. Bxf6 Bb4+ 16. c3 Re8+ 17. Kd1 Bc5 18. Re1 Rxe1+ 19. Kxe1 Rd6 20. Bg5 Kd7 21. Rd1 Ke6 22. Ke2 d4 23. b4 d3+ 24. Kf3 Bb6 25. Be3 Bd8 26. Bd4 Kd5 27. Rxd3 Kc4 28. Re3 Rd7 29. g3 1/2-1/2

[Event "AUT-chT 9798"]
[Site "Austria"]
[Date "1998.03.06"]
[Round "9"]
[White "Horvath, Tamas"]
[Black "Casagrande, Harald"]
[Result "1-0"]
[WhiteElo "2385"]
[BlackElo "2370"]
[PlyCount "65"]
[EventDate "1997.10.12"]
[EventType "team-tourn"]
[EventRounds "11"]
[EventCountry "AUT"]
[SourceTitle "CBM 063 ext"]
[Source "ChessBase"]
[SourceDate "1998.04.29"]
[SourceVersion "1"]
[SourceVersionDate "1998.04.29"]
[SourceQuality "1"]
[WhiteTeam "Gleisdorf"]
[BlackTeam "Traun"]
[WhiteTeamCountry "AUT"]
[BlackTeamCountry "AUT"]

1. e4 d5 2. exd5 Nf6 3. d4 Nxd5 4. c4 Nb6 5. Nf3 g6 6. Be2 Bg7 7. 0-0 0-0 8. Nc3 Bg4 9. c5 N6d7 10. Qb3 Qc8 11. Be3 Nc6 12. Rad1 Bxf3 13. Bxf3 e5 14. Bxc6 bxc6 15. d5 Qa6 16. dxc6 Qxc6 17. Qd5 Nb8 18. b4 a6 19. a4 Ra7 20. b5 axb5 21. axb5 Qxd5 22. Nxd5 c6 23. b6 Rd7 24. Nb4 Rfd8 25. Ra1 f5 26. Bg5 Re8 27. Ra8 Kf7 28. Rb1 h6 29. Rxb8 Rxb8 30. Nxc6 Re8 31. Bd8 Rexd8 32. Nxd8+ Rxd8 33. c6 1-0

[Event "AUT-chT 9798"]
[Site "Austria"]
[Date "1997.11.08"]
[Round "4"]
[White "Penz, Harald"]
[Black "Casagrande, Harald"]
[Result "1-0"]
[WhiteElo "2390"]
[BlackElo "2345"]
[PlyCount "69"]
[EventDate "1997.10.12"]
[EventType "team-tourn"]
[EventRounds "11"]
[EventCountry "AUT"]
[SourceTitle "CBM 063 ext"]
[Source "ChessBase"]
[SourceDate "1998.04.29"]
[SourceVersion "1"]
[SourceVersionDate "1998.04.29"]
[SourceQuality "1"]
[WhiteTeam "Hietzing"]
[BlackTeam "Traun"]
[WhiteTeamCountry "AUT"]
[BlackTeamCountry "AUT"]

1. e4 d5 2. exd5 Qxd5 3. Nc3 Qa5 4. d4 Nf6 5. Nf3 Bg4 6. h3 Bxf3 7. Qxf3 c6 8. Bd3 e6 9. 0-0 Bd6 10. Bd2 Qc7 11. Ne4 Nxe4 12. Qxe4 Nd7 13. c4 Nf6 14. Qe2 Bh2+ 15. Kh1 Bf4 16. Bc3 Rd8 17. Rad1 a6 18. Rfe1 Bd6 19. g3 Rd7 20. Kg2 h5 21. h4 Be7 22. Bc2 Ng4 23. d5 0-0 24. Qe4 g6 25. dxe6 Rxd1 26. Bxd1 f5 27. Qd4 Nf6 28. Qd2 Kg7 29. Bxh5 gxh5 30. Qg5+ Kh8 31. Qxh5+ Kg8 32. Qg6+ Kh8 33. Re5 Bb4 34. e7 Bxe7 35. Rxf5 1-0

[Event "AUT-ch"]
[Site "Moesern"]
[Date "1997.08.15"]
[Round "14"]
[White "Rolletschek, Heinrich"]
[Black "Casagrande, Harald"]
[Result "0-1"]
[WhiteElo "2325"]
[BlackElo "2345"]
[PlyCount "122"]
[EventDate "1997.08.??"]
[EventType "tourn"]
[EventRounds "15"]
[EventCountry "AUT"]
[EventCategory "6"]
[SourceTitle "CBM 059 Extra"]
[Source "ChessBase"]
[SourceDate "1997.09.26"]
[SourceVersion "1"]
[SourceVersionDate "1997.09.26"]
[SourceQuality "1"]

1. e4 c5 2. Nf3 Nc6 3. c3 d5 4. exd5 Qxd5 5. Na3 Nf6 6. d4 cxd4 7. Nb5 Qd8 8. Nbxd4 Nxd4 9. Qxd4 Qxd4 10. Nxd4 a6 11. Bf4 e6 12. Be2 Nd5 13. Bg3 Bc5 14. Nb3 Be7 15. Bf3 a5 16. 0-0-0 a4 17. Bxd5 exd5 18. Nd4 0-0 19. h3 a3 20. b3 Bg5+ 21. Kc2 Ra6 22. Rhe1 Bf6 23. Be5 Bh4 24. Re2 Rb6 25. f4 Re8 26. f5 Ra6 27. g3 Bd8 28. Rde1 Bd7 29. Bf4 Rxe2+ 30. Rxe2 g5 31. Bc1 Bf6 32. g4 Ra8 33. Kd3 Kg7 34. Re1 h5 35. Nf3 hxg4 36. hxg4 Bb5+ 37. Kc2 Rh8 38. Bxg5 Bxg5 39. Nxg5 Rh2+ 40. Kb1 Rg2 41. Nf3 Bd3+ 42. Ka1 Rxg4 43. Ne5 Rg3 44. Nxd3 Rxd3 45. Kb1 Rxc3 46. Rd1 Rc5 47. Rd4 Kf6 48. Ra4 Kxf5 49. Rxa3 d4 50. b4 Rc4 51. Rf3+ Ke6 52. a3 f5 53. Rf1 Rc7 54. Kb2 Ke5 55. a4 d3 56. a5 f4 57. b5 Rc5 58. a6 Rxb5+ 59. Kc3 bxa6 60. Kxd3 Rb3+ 61. Ke2 f3+ 0-1

[Event "AUT-ch"]
[Site "Moesern"]
[Date "1997.08.14"]
[Round "13"]
[White "Casagrande, Harald"]
[Black "Hoelzl, Franz"]
[Result "1/2-1/2"]
[WhiteElo "2345"]
[BlackElo "2440"]
[PlyCount "31"]
[EventDate "1997.08.??"]
[EventType "tourn"]
[EventRounds "15"]
[EventCountry "AUT"]
[EventCategory "6"]
[SourceTitle "CBM 059 Extra"]
[Source "ChessBase"]
[SourceDate "1997.09.26"]
[SourceVersion "1"]
[SourceVersionDate "1997.09.26"]
[SourceQuality "1"]

1. d4 Nf6 2. Bg5 Ne4 3. h4 c5 4. dxc5 Na6 5. Nf3 Naxc5 6. Qd4 d6 7. Nbd2 Nxd2 8. Bxd2 e5 9. Qe3 Be7 10. g3 0-0 11. Bg2 Bf5 12. c4 Qd7 13. 0-0 Bh3 14. Rfd1 Bxg2 15. Kxg2 b6 16. b4 1/2-1/2

[Event "AUT-ch"]
[Site "Moesern"]
[Date "1997.08.13"]
[Round "12"]
[White "Brestian, Egon"]
[Black "Casagrande, Harald"]
[Result "0-1"]
[WhiteElo "2440"]
[BlackElo "2345"]
[PlyCount "76"]
[EventDate "1997.08.??"]
[EventType "tourn"]
[EventRounds "15"]
[EventCountry "AUT"]
[EventCategory "6"]
[SourceTitle "CBM 059 Extra"]
[Source "ChessBase"]
[SourceDate "1997.09.26"]
[SourceVersion "1"]
[SourceVersionDate "1997.09.26"]
[SourceQuality "1"]

1. e4 e6 2. d4 d5 3. e5 c5 4. c3 Nc6 5. Nf3 Qb6 6. a3 a5 7. Bd3 Bd7 8. 0-0 Nh6 9. dxc5 Bxc5 10. Bxh6 gxh6 11. Nbd2 Qxb2 12. c4 Nxe5 13. Rb1 Nxf3+ 14. Nxf3 Qf6 15. cxd5 b6 16. Qe2 Bc8 17. Bb5+ Kf8 18. Ne5 Rg8 19. Kh1 exd5 20. Rb3 Ra7 21. Rf3 Qh4 22. Nxf7 Re7 23. Nd6+ Kg7 24. Qb2+ Bd4 25. Qc2 Be5 26. Rg3+ Bxg3 27. fxg3 Qg4 28. h3 Qe6 29. Qc3+ Qe5 30. Rf7+ Kh8 31. Qc2 Qe1+ 32. Rf1 Qxg3 33. Qb2+ Qg7 34. Qd2 Be6 35. Bd3 Rf8 36. Re1 Bd7 37. Rxe7 Qxe7 38. Qc3+ Qf6 0-1